Szczegóły MARC21

Strategiczne planowanie rozwoju gospodarczego gminy /

005 -DATA I CZAS OSTATNIEJ MODYFIKACJI [,]
    • @
    • pole kontrolne
    • 20070315155141.9
020 -Międzynarod. znormalizowany nr książki - ISBN [ , ]
    • a
    • Numer ISBN
    • 8390783630 Find
040 -Instytucja sporządzająca opis [ , ]
    • a
    • Instytucja, która sporządziła opis (NP)
    • SZCZ U
    • c
    • Instytucja, która sporządziła rekord (NP)
    • SZCZ U
041 -Język dokumentu [0, ]
    • a
    • Język tekstu (P)
    • polski
    • h
    • Język tekstu oryginalnego i/lub pośredniego (P)
    • polski
942 -Rodzaj dokumentu [ , ]
    • c
    • Rodzaj dokumentu
    • Książka
100 -Hasło główne - nazwa osobowa [ , ]
    • a
    • Nazwa osobowa (NP)
    • DOMAŃSKI, TOMASZ
245 -Strefa tytułu i oznaczenia odpowiedzialności [1, ]
    • a
    • Tytuł
    • Strategiczne planowanie rozwoju gospodarczego gminy / Find
    • c
    • Pozostałe elementy strefy tytułu i oznaczenia odpowiedzialności (NP)
    • Tomasz Domański.
260 -Strefa adresu wydawniczego [ , ]
    • a
    • Miejsce wydania (P)
    • Warszawa :
    • b
    • Nazwa wydawcy (P)
    • Agencja Rozwoju Komunalnego,
    • c
    • Data wydania (P)
    • 2000.
300 -Strefa opisu fizycznego [ , ]
    • a
    • Określenie formy książki i/lub objętość (NP)
    • 142 s. :
    • b
    • Oznaczenie ilustracji (NP)
    • il. :
    • c
    • Format (NP)
    • 30 cm.
080 -Uniwersalna Klasyfikacja Dziesiętna [ , ]
    • a
    • Symbol klasyfikacji
    • 332.14(438)"1989/..."(07)
080 -Uniwersalna Klasyfikacja Dziesiętna [ , ]
    • a
    • Symbol klasyfikacji
    • :711.2(438)"1989/..."(07)
980 -Symbol UKD [ , ]
    • a
    • UKD
    • 332.14:711.2](438)"1989/..."(07)
920 -ISBN [ , ]
    • a
    • ISBN
    • 83-907836-3-0 Find
Lokalizacja Data inwentaryzacji Sygnatura Numer inwentarzowy Status udost.
T2003-06-03T.7418T.7418-2
T2003-06-03 TM.1479-3
T2003-06-03 TM.1480-3
T2003-06-03 TM.1481-3
T2003-06-03 TM.1482-3
T2003-06-03 TM.1483-3
T2003-06-03 TM.1484-3
T2003-06-03 TM.1485-3
T2003-06-03 TM.1486-3
T2003-06-03 TM.1487-3
T2003-06-03 TM.1488-3
T2006-01-09 TM.3718-3